000 00602nam a2200217Ia 4500
003 0100
008 130303s9999 xx 000 0 und d
020 _a262024284
040 _cARRUPELIB
050 _aJZ552.P47 1997
245 _aPerceptual peace
245 _bessays on Kant's cosmopolitan ideal
260 _aCambridge
260 _bMIT Press
260 _C1997
300 _avi
300 _b 260p. 24cm.
440 _aStudies in contemporary German social thought
700 _aedited by James Bohman and Matthias Lutz-Bachmann , Bohman, JamesLutz-Bachmann, Matthias
942 0 0 _07
999 _c14952
_d14952